<?xml version="1.0" encoding="UTF-8"?>
<collection xmlns="http://www.loc.gov/MARC21/slim">
 <record>
  <leader>00690pamaa2200157   4500</leader>
  <controlfield tag="001">0000043511</controlfield>
  <controlfield tag="005">20130626090000.0</controlfield>
  <controlfield tag="008">080415                             eng  </controlfield>
  <datafield tag="090" ind1="0" ind2="0">
   <subfield code="a">QA20.C34 </subfield>
   <subfield code="b">MAT [?]</subfield>
  </datafield>
  <datafield tag="110" ind1="1" ind2="0">
   <subfield code="a">The Mathematical Association of South Australia</subfield>
  </datafield>
  <datafield tag="245" ind1="1" ind2="0">
   <subfield code="a">Calculator Essentials to support Teachers and Students : </subfield>
   <subfield code="b">for the Texas instruments calculator  </subfield>
   <subfield code="c">The Mathematical Association of South Australia.</subfield>
  </datafield>
  <datafield tag="260" ind1="0" ind2="0">
   <subfield code="a">Syney, Australia: </subfield>
   <subfield code="b">The Mathematical Association of South Australia Inc, </subfield>
   <subfield code="c">[?].</subfield>
  </datafield>
  <datafield tag="300" ind1=" " ind2=" ">
   <subfield code="a">1 v. (various pagings): </subfield>
   <subfield code="b">ill.; </subfield>
   <subfield code="c">30 cm.</subfield>
  </datafield>
  <datafield tag="501" ind1="0" ind2="0">
   <subfield code="a">Library</subfield>
  </datafield>
  <datafield tag="650" ind1="0" ind2="0">
   <subfield code="a">Graphic calculators -- </subfield>
   <subfield code="x">Handbooks, manuals, etc </subfield>
  </datafield>
  <datafield tag="901" ind1=" " ind2=" ">
   <subfield code="u">www.www.masa.on.net/publications.htm</subfield>
  </datafield>
 </record>
</collection>
